Normal view
MARC view
- Asīr, Bashīr Zaidī.
Entry Personal Name
001 - CONTROL NUMBER
- control field: 3126
003 - CONTROL NUMBER IDENTIFIER
- control field: NUST
005 - DATE AND TIME OF LATEST TRANSACTION
- control field: 20170623095808.0
008 - FIXED-LENGTH DATA ELEMENTS
- fixed length control field: 170623|| aca||aabn | a|a d
040 ## - CATALOGING SOURCE
- Original cataloging agency: NUST
- Transcribing agency: NUST
100 ## - HEADING--PERSONAL NAME
- Personal name: Asīr, Bashīr Zaidī.
670 ## - SOURCE DATA FOUND
- Source citation: Work cat.: (NUST)0: 880-01 Asīr, Bashīr Zaidī., Zanjīr-i k̲h̲vāb /, 2011
